हिन्दू विवाह संस्कार / (Record no. 119342)

MARC details
000 -LEADER
fixed length control field 01075nam a22002777a 4500
003 - CONTROL NUMBER IDENTIFIER
control field dpl
005 - DATE AND TIME OF LATEST TRANSACTION
control field 20200120120002.0
008 - FIXED-LENGTH DATA ELEMENTS--GENERAL INFORMATION
fixed length control field 200120b ||||| |||| 00| 0 eng d
010 ## - LIBRARY OF CONGRESS CONTROL NUMBER
LC control number A-732315
020 ## - INTERNATIONAL STANDARD BOOK NUMBER
Terms of availability 250.00
International Standard Book Number 8173151008
035 ## - SYSTEM CONTROL NUMBER
System control number A-732315,B-187371
037 ## - SOURCE OF ACQUISITION
Source of stock number/acquisition Cen Lib/Ret
040 ## - CATALOGING SOURCE
Original cataloging agency DPL
Language of cataloging HN
Transcribing agency 0
082 ## - DEWEY DECIMAL CLASSIFICATION NUMBER
Classification number 392.5
Item number सहाय
100 ## - MAIN ENTRY--PERSONAL NAME
Personal name सहाय, प्रेम
9 (RLIN) 133971
245 ## - TITLE STATEMENT
Title हिन्दू विवाह संस्कार /
Statement of responsibility, etc प्रेम सहाय
246 ## - VARYING FORM OF TITLE
Title proper/short title Hindu vivah sanskar /
Remainder of title by Prem Sahay
260 ## - PUBLICATION, DISTRIBUTION, ETC. (IMPRINT)
Place of publication, distribution, etc दिल्ली
Name of publisher, distributor, etc प्रभात प्रकाशन
Date of publication, distribution, etc 1995
270 ## - ADDRESS
Address चावड़ी बाजार
City दिल्ली
Postal code 110006
300 ## - PHYSICAL DESCRIPTION
Extent 160पृ.
Dimensions 23सेमी(सजिल्द)
650 ## - SUBJECT ADDED ENTRY--TOPICAL TERM
Topical term or geographic name as entry element हिन्दू -- संस्कार
9 (RLIN) 133972
650 ## - SUBJECT ADDED ENTRY--TOPICAL TERM
Topical term or geographic name as entry element हिन्दू -- रीति रिवाज़
9 (RLIN) 44517
650 ## - SUBJECT ADDED ENTRY--TOPICAL TERM
Topical term or geographic name as entry element Hindu - Rites
9 (RLIN) 84440
650 ## - SUBJECT ADDED ENTRY--TOPICAL TERM
Topical term or geographic name as entry element Hindu - customs
9 (RLIN) 84441
942 ## - ADDED ENTRY ELEMENTS (KOHA)
Source of classification or shelving scheme Dewey Decimal Classification
Koha item type Hindi Books
Classification part 392.5
Call number suffix सहाय
Holdings
Withdrawn status Lost status Damaged status Not for loan Home library Current library Date acquired Source of acquisition Cost, normal purchase price Total Checkouts Full call number Barcode Date last seen Copy number Cost, replacement price Price effective from Koha item type Total Renewals Date checked out Source of classification or shelving scheme
        Central Library Central Library 16/09/2015 Cen Lib/Ret 250.00   392.5 सहाय A-732315 16/09/2015 1 250.00 16/09/2015 Hindi Books      
        Central Library Central Library 16/02/2016 Cen Lib/Ret   2 392.5 सहाय B-187319 17/03/2020 2   16/02/2016 Hindi Books 2 30/12/2019  
        R.C.Libraries (BL-IV) R.C.Libraries (BL-IV) 20/01/2020 BPPD/PUB 250.00 2 392.5 सहाय B-187371 24/02/2023   250.00 20/01/2020 Hindi Books   09/02/2023 Dewey Decimal Classification

© Delhi Public Library
Hit Counter
free hit counter